000 00992cam a22002174a 4500
020 _a0819458651
050 0 0 _aR 857.L37
_b.T44 2005
245 0 0 _aTherapeutic laser applications and laser-tissue interactions II :
_b12-16 June 2005, Munich, Germany /
_cHubert van den Bergh, Alfred Vogel, chairs/editors ; sponsored and published by OSA--Optical Society of America, SPIE--The International Society for Optical Engineering ; cosponsored by European Physical Society ... [et al.].
260 _aBellingham, Wash., USA :
_bSPIE ;
_aWashington, D.C. :
_bOSA,
_cc2005.
300 _a1 v. (various pagings) :
650 0 _vCongresses.
650 0 _xDiagnostic use
_vCongresses.
650 0 _xTherapeutic use
_vCongresses.
650 0 _xPhysiological effect
_vCongresses.
650 1 2 _vCongresses.
650 2 2 _xtherapeutic use
_vCongresses.
700 1 _aBergh, Hubert van den.
700 1 _aVogel, Alfred,
856 4 1 _uhttp://www.loc.gov/catdir/toc/fy0701/2006282000.html
942 _2lcc
_cGEN
999 _c14158
_d14158